Statistics for Harry Styles era by picture

Click here to take the quiz!

General Stats

  • This quiz has been taken 127 times
  • The average score is 8 of 10

Answer Stats

Answer% Correct
long hair
95%
dunkirk
89%
frat
88%
prince
88%
x factor
85%
fine line
79%
love on tour
79%
fetus
78%
bandana
72%
live on tour
67%

Score Distribution

Percentile by Number Answered

Percent of People with Each Score

Your Score History

You have not taken this quiz